000 00491nam a2200193Ia 4500
003 GCL
008 140319s9999 xx 000 0 eng d
040 _aGCL /
_cGCL
082 0 4 _a658.2
_bL B
100 1 _aLEVRMORE G.
245 1 0 _aBUILDING ENERGY MANAGEMENT SYSTEM /
_cLEVRMORE G.
260 _a[S.N] :
_bE & FN SPON ،
_c1992
300 _a322 P
650 0 4 _aENERGY
650 0 4 _aBUILDINGS
650 0 4 _aMANAGEMENT
650 0 4 _aMANAGEMENT - INFORMATION SYSTEM
942 _2ddc
_cBK
999 _c10875
_d10875